000 00468nam a2200169Ia 4500
003 LK-CoDNM
008 010623t1898 xxu||||| |||| 00| 1 sin d
040 _aLK-CoDNM
_dLK-CoDNM
_eLK-CoDNM
041 _asin
080 _a50
_bB 27
245 _aලංකා විස්තරය
246 _aThe Geography of Ceylon for Schools
260 _bChristian Literature Society
_aColombo
_c1898
300 _b84P., 18 260: 2nd cm
650 _aText Books
942 _cBK
999 _c84704
_d84704